00326nam a2200121Ia 4500008004100000041000800041082001600049100001900065245004500084260003700129300003100166365000700197240624s9999 xx 000 0 und d aeng a332.042 APT aAPTE PRAKASH G aINTERNATIONAL FINANCE A BUSINESS PERSPEC c2004aNew DelhibTata McGrawhill axii, : 444 : p. : cm. ; 23 cRS